Daynamics Part. I & Part. II / (Record no. 182853)
[ view plain ]
| 000 -LEADER | |
|---|---|
| fixed length control field | 01002 a2200169 4500 |
| 003 - CONTROL NUMBER IDENTIFIER | |
| control field | Nust |
| 005 - DATE AND TIME OF LATEST TRANSACTION | |
| control field | 20221020120017.0 |
| 040 ## - CATALOGING SOURCE | |
| Transcribing agency | Nust |
| 082 ## - DEWEY DECIMAL CLASSIFICATION NUMBER | |
| Classification number | 620.1054,RAM |
| 100 ## - MAIN ENTRY--PERSONAL NAME | |
| Personal name | Ramsey A.S |
| 245 ## - TITLE STATEMENT | |
| Title | Daynamics Part. I & Part. II / |
| Statement of responsibility, etc. | A .S.Ramsey |
| 260 ## - PUBLICATION, DISTRIBUTION, ETC. | |
| Place of publication, distribution, etc. | Cambridge |
| Name of publisher, distributor, etc. | University Press |
| Date of publication, distribution, etc. | 1961. |
| 300 ## - PHYSICAL DESCRIPTION | |
| Extent | 342:p |
| 505 ## - FORMATTED CONTENTS NOTE | |
| Formatted contents note | Introduction (Page-1), Vectors (Page-6), Rectilinear Motion Kinematics (Page-11), Rectilinear Motion Kinetics (Page-24), Kinematics in Two Dimensions (Page-52), Dynamical Problem in Two Dimensions (Page-63), Harmonic Motion (Page-83), Motion Under Constraint (Page-105), The Law of Reaction General Principles (Page-114), General Problems (Page-123), Impulsive Motion (Page-138), Polar Coordinates Orbits (Page-155), Moments of Inertia (Page-188), Motion Of Rigid Body Energy and Momentum (Page-197), Equations of Motion of Rigid Body (Page-208), Miscellaneous Problems (Page-231), Small Oscillations (Page-247) |
| 650 ## - SUBJECT ADDED ENTRY--TOPICAL TERM | |
| Topical term or geographic name entry element | Daynamics |
| 9 (RLIN) | 100971 |
| 942 ## - ADDED ENTRY ELEMENTS (KOHA) | |
| Source of classification or shelving scheme | |
| Koha item type | Book |
| Withdrawn status | Lost status | Source of classification or shelving scheme | Damaged status | Not for loan | Permanent Location | Current Location | Shelving location | Date acquired | Full call number | Barcode | Date last seen | Price effective from | Koha item type | Public note |
|---|---|---|---|---|---|---|---|---|---|---|---|---|---|---|
| Military College of Signals (MCS) | Military College of Signals (MCS) | General Stacks | 12/12/2016 | 620.1054,RAM | MCS6326 | 12/08/2016 | 12/12/2016 | Book | Almirah No.27, Shelf No.3 | |||||
| Military College of Signals (MCS) | Military College of Signals (MCS) | General Stacks | 12/12/2016 | 620.1054,RAM | MCS6176 | 12/08/2016 | 12/12/2016 | Book | Almirah No.27, Shelf No.3 | |||||
| Military College of Signals (MCS) | Military College of Signals (MCS) | General Stacks | 12/12/2016 | 620.1054,RAM | MCS6292 | 12/08/2016 | 12/12/2016 | Book | Almirah No.27, Shelf No.3 | |||||
| Military College of Signals (MCS) | Military College of Signals (MCS) | General Stacks | 12/12/2016 | 620.1054,RAM | MCS6339 | 12/08/2016 | 12/12/2016 | Book | Almirah No.27, Shelf No.3 |
